Normal view
MARC view
- Pile Jessica Jane
Entry Personal Name
001 - CONTROL NUMBER
- control field: 209237
003 - CONTROL NUMBER IDENTIFIER
- control field: OSt
005 - DATE AND TIME OF LATEST TRANSACTION
- control field: 20241226145405.0
008 - FIXED-LENGTH DATA ELEMENTS
- fixed length control field: 241226|| aca||aabn | a|a d
040 ## - CATALOGING SOURCE
- Original cataloging agency: OSt
- Transcribing agency: OSt
100 ## - HEADING--PERSONAL NAME
- Personal name: Pile Jessica Jane
670 ## - SOURCE DATA FOUND
- Source citation: Work cat.: (OSt)362368: Pile Jessica Jane, Fashion Embroidery: Embroidery Techniques & Inspiration for Haute-Couture Clothing, 2018